KOHA-Header-6

ہادی عالم صلی الله علیہ وسلم (Record no. 13716)

000 -LEADER
fixed length control field 00348nam a22001097a 4500
082 ## - DEWEY DECIMAL CLASSIFICATION NUMBER
Classification number 297.63
100 ## - MAIN ENTRY--AUTHOR NAME
Personal name محمّد ولی رازی
245 ## - TITLE STATEMENT
Title ہادی عالم صلی الله علیہ وسلم
Remainder of title سیرت طیبہ پر پہلی غیر منقوط کتاب
260 ## - PUBLICATION, DISTRIBUTION, ETC. (IMPRINT)
Place of publication کراچی
Name of publisher دارالعلم
300 ## - PHYSICAL DESCRIPTION
Number of Pages ٤١٦ صفحات
942 ## - ADDED ENTRY ELEMENTS (KOHA)
Koha item type Books
Holdings
Withdrawn status Lost status Collection code Permanent Location Current Location Shelving location Date acquired Full call number Accession Number Koha item type
    Urdu Literature MAJU MAJU Shelf No.A10 2023-02-03 297.63 10816 Books

Powered by Koha